Paris Metro Stations: Real or Fake? - Statistics

General Stats
  • This quiz has been taken 268 times
  • The average score is 10 of 15
Answer Stats
Question Answer % Correct
Quai de la Seine Fake/Faux
87%
Dupleix Real/Réel
84%
Porte de Pantin Real/Réel
83%
Porte Dorée Real/Réel
79%
Provence Fake/Faux
78%
Claude Debussy Fake/Faux
75%
Saint-Lambert Fake/Faux
73%
Breteuil - Duquesne Fake/Faux
71%
Buttes Chaumont Real/Réel
66%
Corentin Cariou Real/Réel
62%
Quai Voltaire - Musée d'Orsay Fake/Faux
60%
Mairie de Bagnolet Fake/Faux
49%
Croix de Chavaux Real/Réel
47%
Saint-Fargeau Real/Réel
44%
Richelieu - Diderot Fake/Faux
33%
No matching quizzes found
Score Distribution
Percent of People with Each Score
Percentile by Number Answered
Your Score History
You have not taken this quiz